| 000 | 00764cam a2200229 a 4500 | ||
|---|---|---|---|
| 001 | 000011912 | ||
| 005 | 20200929162621.0 | ||
| 008 | 861202s1988 nyua 001 0 spa | ||
| 020 | _a0070980241 | ||
| 040 |
_aDO-SdBNP _bspa _cLC _dBNPHU |
||
| 050 | 0 | 0 |
_aPC4112 _b.S3592 1988 |
| 082 |
_a468.2/421 _bS355m |
||
| 100 | 1 |
_aSchmitt, Conrad J. _928139 |
|
| 245 | 1 | 0 |
_aMcGraw-Hill spanish perspectivas / _cConrad J. Schmitt, Protase E. Woodford. |
| 260 |
_aNew York : _bMcGraw-Hill, _c1988. |
||
| 300 |
_aix, 437 p. : _bil. ; _c24 cm. |
||
| 650 | 0 |
_aSpanish language _xTextbooks for foreign speakers _xEnglish. _928176 |
|
| 650 | 0 |
_aSpanish language _xGrammar. _928177 |
|
| 700 | 1 |
_aWoodford, Protase E. _928140 |
|
| 910 | _aCatalogación por copia / LC | ||
| 049 | _aBNGR | ||
| 999 |
_c11582 _d11582 |
||